Etwas andere Serienbeschreibungen - Statistiken

Allgemein
  • Dieses Quiz wurde 213 mal gespielt
  • Das Durchschnittsergebnis liegt bei 5 aus 20
Antwortstatistiken
Hint Antwort % Korrekt
Tägliche Sitcom-Leben von sechs Menschen, die scheinbar nie zur Arbeit müssen Friends
74%
Langatmige Erzählung eines Mannes, der Umwege liebt, um zum Punkt zu kommen How i met your mother
69%
Mittelalterliche Reality-Show: Wer wird der nächste König? Game of Thrones
57%
Kinder auf Fahrrädern, die bessere Detektive als die Polizei sind Stranger Things
56%
Radikale Karriereänderung offenbart die dunklen Seiten des amerikanischen Gesundheitssystems Breaking Bad
50%
Chronik einer farbintensiven Familie, die in einer Zeitschleife gefangen ist Die Simpsons
44%
Verkleidete Gruppe spielt das ultimative Spiel "Räuber und Gendarm". Haus des Geldes
33%
Ein Experte für Blutspritzer, der in seiner Freizeit gerne "aufräumt" Dexter
28%
Extremes Survival-Camping mit unerwünschten Besuchern, die nie schlafen The walking dead
27%
Dokumentarfilm über warum Arbeit von zu Hause eine gute Idee ist. The Office
22%
Satirische Darstellung des amerikanischen Traums mit unkonventionellen Familienmitgliedern Family Guy
20%
Lehrreiche Erzählung über die Aufs und Abs im internationalen Pflanzenhandel Narcos
14%
Abenteuerlustige Kerle mit auffälligen Frisuren und einem Faible für lange Bootsreisen Vikings
13%
Kinder in einer Bergstadt, die mehr über das Leben wissen, als sie sollten South Park
9%
Familienzusammenkünfte enden häufig mit unerwarteten "Geschäftsentscheidungen" Die Sopranos
7%
Zwei Wanderer entdecken, dass Spaziergänge in der Natur nicht immer entspannend sind The last of us
7%
Vier Freunde hängen rum und machen... nichts Besonderes Seinfeld
4%
Gruppe von Freunden geht auf extremen Campingtrip in Europa Band of Brothers
1%
Eine Geschichte darüber, warum man Bedienungsanleitungen immer genau lesen sollte Chernobyl
1%
Polizisten, die mehr grübeln als schießen True Detectivev
0%
Keine übereinstimmenden Quizze gefunden
Verteilung der Resultate
Anzahl Personen mit jedem Resultat
Perzentil nach korrekt beantworteten Fragen
Ihre Resultats-Entwicklung
Sie haben dieses Quiz noch nicht gespielt